Countries that Border Russia - Statistics

General Stats
  • This quiz has been taken 57 times
  • The average score is 13 of 14
Answer Stats
Border Length (KM) Countries % Correct
3645 km China
100%
292 km Latvia
100%
227 km Lithuania
100%
3441 km Mongolia
98%
959 km Belarus
96%
290 km Estonia
96%
1313 km Finland
96%
6846 km Kazakhstan
96%
1576 km Ukraine
92%
723 km Georgia
90%
210 km Poland
90%
17 km North Korea
88%
196 km Norway
86%
284 km Azerbaijan
84%
No matching quizzes found
Score Distribution
Percent of People with Each Score
Percentile by Number Answered
Your Score History
You have not taken this quiz